00442nam a2200205Ia 4500003000900000008004100009040001300050040001300063041000800076100001600084245004100100250001100141260001200152260000900164300001100173300001200184490000600196700002000202700001400222IT-RoPAU120407s9999 xx 000 0 und d aIT-RoPAU cIT-RoPAU aita aA. Isambert aGuida dei genitori e degli educatori aMilano aLa Casa c1962 a863 p. c21.5 cm v1 aU. Dell’Acqua aG. Heuyer